<?xml version="1.0" encoding="UTF-8"?>
<record
    xmlns:xsi="http://www.w3.org/2001/XMLSchema-instance"
    xsi:schemaLocation="http://www.loc.gov/MARC21/slim http://www.loc.gov/standards/marcxml/schema/MARC21slim.xsd"
    xmlns="http://www.loc.gov/MARC21/slim">

  <leader>01101na  a2200301   4500</leader>
  <controlfield tag="001">24211</controlfield>
  <controlfield tag="003">MIRAKIL</controlfield>
  <controlfield tag="005">20181213155332.0</controlfield>
  <controlfield tag="008">180621b        tu            000 0      </controlfield>
  <datafield tag="020" ind1=" " ind2=" ">
    <subfield code="a">9786053994145</subfield>
  </datafield>
  <datafield tag="040" ind1=" " ind2=" ">
    <subfield code="a">Milas</subfield>
    <subfield code="b">tur</subfield>
    <subfield code="c">TR-AnCHP</subfield>
  </datafield>
  <datafield tag="041" ind1=" " ind2=" ">
    <subfield code="a">tur</subfield>
  </datafield>
  <datafield tag="082" ind1=" " ind2=" ">
    <subfield code="a">352.0084</subfield>
    <subfield code="b">Y36 2015</subfield>
  </datafield>
  <datafield tag="090" ind1=" " ind2=" ">
    <subfield code="a">352.0084 Y36 2015</subfield>
  </datafield>
  <datafield tag="245" ind1=" " ind2=" ">
    <subfield code="a">Yerel demokrasi sorunsal&#x131;</subfield>
    <subfield code="b">B&#xFC;y&#xFC;k&#x15F;ehir Belediye Meclisleri yap&#x131;s&#x131; ve i&#x15F;leyi&#x15F;i</subfield>
    <subfield code="c">derleyen P&#x131;nar Uyan Semerci ; yay&#x131;na haz&#x131;rlayan Cem T&#xFC;z&#xFC;n</subfield>
  </datafield>
  <datafield tag="246" ind1=" " ind2=" ">
    <subfield code="a">B&#xFC;y&#xFC;k&#x15F;ehir Belediye Meclisleri yap&#x131;s&#x131; ve i&#x15F;leyi&#x15F;i</subfield>
  </datafield>
  <datafield tag="260" ind1=" " ind2=" ">
    <subfield code="a">&#x130;stanbul</subfield>
    <subfield code="b">&#x130;stanbul Bilgi &#xDC;niversitesi</subfield>
    <subfield code="c">2015</subfield>
    <subfield code="f">Mega bas&#x131;m yay&#x131;n</subfield>
  </datafield>
  <datafield tag="300" ind1=" " ind2=" ">
    <subfield code="a">326 s.</subfield>
    <subfield code="b">tbl. , grf.</subfield>
    <subfield code="c">23 sm.</subfield>
  </datafield>
  <datafield tag="440" ind1=" " ind2=" ">
    <subfield code="a">&#x130;stanbul Bilgi &#xDC;niversitesi Yay&#x131;nlar&#x131;</subfield>
    <subfield code="v">525</subfield>
  </datafield>
  <datafield tag="490" ind1=" " ind2=" ">
    <subfield code="a">Ara&#x15F;t&#x131;rma </subfield>
    <subfield code="v">7</subfield>
  </datafield>
  <datafield tag="504" ind1=" " ind2=" ">
    <subfield code="a">Kaynak&#xE7;a ve dizin var.</subfield>
  </datafield>
  <datafield tag="650" ind1=" " ind2=" ">
    <subfield code="a">Yerel y&#xF6;netimler</subfield>
    <subfield code="x">T&#xFC;rkiye</subfield>
  </datafield>
  <datafield tag="650" ind1=" " ind2=" ">
    <subfield code="a">Belediye y&#xF6;netimi</subfield>
    <subfield code="x">T&#xFC;rkiye</subfield>
  </datafield>
  <datafield tag="700" ind1=" " ind2=" ">
    <subfield code="a">T&#xFC;z&#xFC;n, Cem</subfield>
    <subfield code="e">yay. haz.</subfield>
  </datafield>
  <datafield tag="700" ind1=" " ind2=" ">
    <subfield code="a">Semerci, Uyan P&#x131;nar</subfield>
    <subfield code="e">der.</subfield>
  </datafield>
  <datafield tag="740" ind1=" " ind2=" ">
    <subfield code="a">B&#xFC;y&#xFC;k&#x15F;ehir Belediye Meclisleri yap&#x131;s&#x131; ve i&#x15F;leyi&#x15F;i</subfield>
  </datafield>
  <datafield tag="942" ind1=" " ind2=" ">
    <subfield code="2">ddc</subfield>
    <subfield code="c">BKS</subfield>
  </datafield>
  <datafield tag="952" ind1=" " ind2=" ">
    <subfield code="a">0001</subfield>
    <subfield code="b">0001</subfield>
    <subfield code="d">2018-06-21</subfield>
    <subfield code="e">2</subfield>
    <subfield code="l">1</subfield>
    <subfield code="m">3</subfield>
    <subfield code="o">352.0084 Y36 2015</subfield>
    <subfield code="p">018215</subfield>
    <subfield code="r">2020-01-13 00:00:00</subfield>
    <subfield code="s">2019-09-18</subfield>
    <subfield code="v">0.00</subfield>
    <subfield code="w">2018-06-21</subfield>
    <subfield code="y">BKS</subfield>
  </datafield>
  <datafield tag="999" ind1=" " ind2=" ">
    <subfield code="c">10732</subfield>
    <subfield code="d">10732</subfield>
  </datafield>
</record>
